Stories from the borderlands /

La zona fronteriza mexicana con los EEUU, ha sido siempre el pequeño paraíso de los inversionistas, debido a que en la práctica han ocurrido situaciones de excepción, las cuales han favorecido históricamente el incumplimiento de las leyes y las normas establecidas en el ordenamiento jurídico mexican...

Descripció completa

Guardat en:
Dades bibliogràfiques
Autor principal: Bacon, David
Format: Text
Matèries:
Etiquetes: Afegir etiqueta
Sense etiquetes, Sigues el primer a etiquetar aquest registre!

MARC

LEADER 00000 a a2200000 04500
001 10040
003
040
100 |a Bacon, David  
245 |a Stories from the borderlands /  |c David Bacon 
520 |a La zona fronteriza mexicana con los EEUU, ha sido siempre el pequeño paraíso de los inversionistas, debido a que en la práctica han ocurrido situaciones de excepción, las cuales han favorecido históricamente el incumplimiento de las leyes y las normas establecidas en el ordenamiento jurídico mexicano. Tal ha sido el caso de las normas laborales y ambientales, las cuales han originado diversas llamadas de atención, aunque sin mayor éxito. Con la entrada en vigor el Tratado Norteamericano de Libre Comercio (NAFTA), la historia común de los pobladores de la zona fronteriza no cambió de rumbo, por lo que los acuerdos suscritos parecen mostrar las áreas en las que el incumplimiento del NAFTA es posible  
650 |a CONDICIONES DE TRABAJO  
650 |a TRABAJADORES FRONTERIZOS  
650 |a DETERIORO AMBIENTAL  
650 |a NAFTA  
650 |a MEXICO  
773 |g volumen 39, número 1; páginas 25-30  
999 |c 24711  |d 24711